Animorphs The Unexpected

Đã lưu trong:
書目詳細資料
主要作者: Applegate, K. A.
格式: 圖書
語言:English
出版: U.S.A. Scholastic Inc 2000
主題:
標簽: 添加標簽
沒有標簽, 成為第一個標記此記錄!
Thư viện lưu trữ: Trung tâm Học liệu Lê Vũ Hùng, Trường Đại học Đồng Tháp
LEADER 00719pam a22002778a 4500
001 00034483
005 20171026081025.0
008 160923s2000 ||||||engsd
020 # # |a 0439115183 
041 0 # |a eng 
082 1 4 |a 823  |b A105 
100 1 # |a Applegate, K. A. 
245 1 0 |a Animorphs  |c K. A. Applegate  |b The Unexpected 
260 # # |a U.S.A.  |b Scholastic Inc  |c 2000 
300 # # |a 143 p.  |c 19 cm. 
653 # # |a Thiếu nhi 
653 # # |a Tiếng Anh 
653 # # |a Văn học Anh 
852 # # |b Kho đọc  |j KD.0017643 
852 # # |j KD.0017643 
910 |d 23/09/2016 
980 # # |a Trung tâm Học liệu Lê Vũ Hùng, Trường Đại học Đồng Tháp